000 00712nam a22002417a 4500
003 UA-OsUOA
001 116118
007 ta
008 20160210b un ||||| |||| 00| 0 ukr d
100 _aГаватюк Л.С.
700 _aКовальська Т.І
700 _aПеребиківська Т.І.
090 _a330(477)
_bГ-34
942 _cSA
040 _aUA-OsUOA
_bukr
_cUA-OsUOA
_dUA-OsUOA
245 _aБанкрутство та методи його подолання
300 _aС.16-18
955 _a0
041 _aukr
080 _a330(477)
773 0 _w116116
_tЕкономіка. Фінанси. Право.
_dК.
_d2016
_g1
650 7 _a330 Економіка взагалі
_2UDC
999 _c401934
_d401934